| 000 | 03261cam a22005414i 4500 | ||
|---|---|---|---|
| 003 | PE-LiUPU | ||
| 005 | 20250731180139.0 | ||
| 008 | 150706s r 000 0 d | ||
| 020 | _a9788497324878 | ||
| 035 | _a(Sirsi) i9788497324878 | ||
| 040 |
_aPE-LiUPU _bspa _cPE-LiUPU _erda |
||
| 049 | _aPRUA | ||
| 082 | 0 | 4 |
_a549 _bC26 _221 |
| 100 | 1 |
_aCarretero León, María Isabel, _eautor. |
|
| 245 | 1 | 0 |
_aMineralogía aplicada : _bsalud y medio ambiente / _cMaría Isabel carrertero León y Manuel Pozo Rodríguez. |
| 264 | 1 |
_aMadrid : _bThomson, _c2007. |
|
| 300 |
_a406 páginas : _bilustraciones ; _c26 centímetros |
||
| 336 |
_atext _2rdacontent |
||
| 337 |
_aunmediated _2rdamedia |
||
| 338 |
_avolume _2rdacarrier |
||
| 504 | _aIncluye bibliografía. | ||
| 505 | 0 | _aLa mineralogía aplicada: características y objetivos -- Los minerales y la salud a lo largo de la historia -- Los minerales y el medio ambiente -- Conceptos básicos de mineralogía -- Propiedades físicas, clasificación y técnicas de estudio de los minerales -- Principales minerales relacionados con la salud o el medio ambiente -- Características y propiedades de los minerales de la arcilla de interés en aplicaciones relacionadas con la salud y el medio ambiente -- Otras propiedades físicas y fisicoquímicas de los minerales de la arcilla y las zeolitas. aplicaciones industriales -- Efectos beneficiosos de los minerales en la salud humana -- Minerales empleados como principios activos farmacéuticos -- Minerales empleados como excipientes farmacéuticos -- Minerales empleados en centros terapéuticos y de estética -- Efectos perjudiciales de los minerales en la salud humana -- Patogenicidad de los minerales y métodos de evaluación -- Efectos nocivos relacionados con la composición química de los minerales -- Principales patología producidas por inhalación de partículas minerales: silicosis y asbestosis -- Biominerales: composición y características. Litiasis -- Efectos perjudiciales y beneficiosos de los minerales en el medio ambiente -- Contaminación e impacto ambiental relacionados con la extracción y tratamiento de los minerales -- Aplicación de los minerales en la depuración y almacenamiento de residuos. | |
| 526 | _aSEG44 | ||
| 526 | _aSEG26 | ||
| 526 | _aP159 | ||
| 526 | _aP155 | ||
| 526 | _aP154 | ||
| 526 | _aP153 | ||
| 526 | _aP150 | ||
| 526 | _aP100 | ||
| 526 | _aP31 | ||
| 526 | _aP30 | ||
| 526 | _aP26 | ||
| 526 | _aP25 | ||
| 526 | _aP24 | ||
| 526 | _aP22 | ||
| 526 | _aP15 | ||
| 526 | _aP10 | ||
| 541 | _g003-001031; | ||
| 650 | 0 | 4 |
_aMinerales _xAspectos sanitarios. |
| 700 | 1 |
_aPozo Rodríguez, Manuel, _eautor. |
|
| 910 |
_blch _clch _d20090520 |
||
| 942 |
_2ddc _cBOOK |
||
| 949 |
_a549 C26 _wDEWEY _c1 _i59602 _d2016-7-5 _e2016-5-31 _lCCODEBUL1 _mBUL _n2 _p70.00 _r0 _sY _tBOOK _u2015-7-6 _xINGENIERIA _PP24 _0COMPRA _o.STAFF. Colección General |
||
| 994 |
_aC0 _bPEPRU |
||
| 596 | _a1 | ||
| 999 |
_a549 C26 _wDEWEY _c49158 _i59602 _d49158 _e2016-5-31 _f2021-11-9 _g7 _lCCODEBUL1 _mBUL _n2 _p70.00 _q1 _r0 _sY _tBOOK _u2015-7-6 _xINGENIERIA _PP24 _0COMPRA _o.STAFF. Colección General |
||
| 980 |
_81 _gALBERTO SANCHEZ Responsable de Automatización |
||